Zdaňovanie vecných predmetov poskytovaných ako ocenenie výsledkov dosiahnutých fyzickou osobou v súťaži vyhlásenej podnikateľom

Posudzovanie nákladov na vecné predmety ako daňových výdavkov u vyhlasovateľa súťaže. Zdaňovanie výhier zo súťaže u ich prijímateľa - fyzickej osoby /živnostníka, občana-nepodnikateľa/.

Uložené v:
Podrobná bibliografia
Hlavný autor: Čepelová, Monika
Médium: Kapitola
Jazyk:Slovak
Predmet:
Tagy: Pridať tag
Žiadne tagy, Buďte prvý, kto otaguje tento záznam!

MARC

LEADER 00000naa$a2200000$$$4500
001 0017021
005 20231106070114.5
041 0 |a slo 
044 |a SK 
245 1 0 |a Zdaňovanie vecných predmetov poskytovaných ako ocenenie výsledkov dosiahnutých fyzickou osobou v súťaži vyhlásenej podnikateľom  |c aut. Monika Čepelová 
520 |a Posudzovanie nákladov na vecné predmety ako daňových výdavkov u vyhlasovateľa súťaže. Zdaňovanie výhier zo súťaže u ich prijímateľa - fyzickej osoby /živnostníka, občana-nepodnikateľa/. 
610 2 0 |a zdaňovanie 
610 2 0 |a výdavky 
610 2 0 |a výdavky daňové 
610 2 0 |a ceny 
100 1 |a Čepelová, Monika